แสดงรายละเอียดบรรณานุกรม
  กลับหน้าหลัก

Brief Record : Get Marc (ISO 2709) : E-mail record : QR code ปิดหน้าต่าง
E-books : เกี่ยวกับ Collections
LEADER 00000nam 2200000uu 4500
001    209596
003     ULIBM
008    140408s2550||||th 000 0 tha d
020    ^a974915066X
041 0  ^atha^beng
060  4 ^aWB115 ป525 2550
245 00 ^aปัญหาที่ได้รับการปรึกษาบ่อยทางอายุรศาสตร์/^bบรรณาธิการ วิชัย ประยูรวิวัฒน์,จันทราภา ศรีสวัสดิ์,กฤษฎา ดวงอุไร.
250    ^aพิมพ์ครั้งที่ 2
260    ^aกรุงเทพฯ : ^bกองอายุรกรรม ภาควิชาอายุรศาสตร์ วิทยาลัยแพทยศาสตร์พระมงกุฎเกล้า,^c2550.
300    ^a358 หน้า ;^bภาพประกอบ.
500    ^aการอบรมระยะสั้นอายุรศาสตร์ในเวชปฏิบัติ ครั้งที่ 4
650  4 ^aโรคลูปัส
650  4 ^aการรักษาโรค ^xรวมเรื่อง
650  4 ^aอายุรศาสตร์ ^xรวมเรื่อง
700 0  ^aวิชัย ประยูรวิวัฒน์,^eบรรณาธิการ.
700 0  ^aจันทราภา ศรีสวัสดิ์,^eบรรณาธิการ.
700 0  ^aกฤษฎา ดวงอุไร,^eบรรณาธิการ.
710 2  ^aวิทยาลัยแพทยศาสตร์พระมงกุฎเกล้า. ภาควิชาอายุรศาสตร์. กองอายุรกรรม
710 2  ^aโครงการตำรา วพม.
999    ^aใช้งานได้ทุกระบบ
รายการนี้ยังไม่มีแท็ก
คุณยังไม่ได้ล็อกอิน คุณสามารถมีกิจกรรมร่วมกับเว็บไซต์ได้ แต่ต้องล็อกอินก่อน ::
  ล็อกอิน
ลำดับที่ ประเภท เลขเรียก สถานที่ สถานะ
1. หนังสือสำรอง
หนังสือสำรอง
WB115 ป525 2550  
  
การพยาบาลผู้ใหญ่ On Shelf
  ขอยืม
Note:ปีงบประมาณ 2557
2. หนังสือทั่วไป
หนังสือทั่วไป
WB115 ป525 2550 ฉ.4 
  
การพยาบาลผู้ใหญ่ On Shelf
  ขอยืม
Note:ปีงบประมาณ 2557
3. หนังสือทั่วไป
หนังสือทั่วไป
WB115 ป525 2550 ฉ.7 
  
การพยาบาลผู้ใหญ่ On Shelf
  ขอยืม
Note:ปีงบประมาณ 2557
   [แสดง 3/3 รายการ]

รายการใกล้เคียง
    หัวเรื่อง [อายุรศาสตร์ รวมเรื่อง]

BibComment


ยังไม่เคยถูกคอมเมนท์

คอมเมนท์ทรัพยากรรายการนี้
  คอมเมนท์: ปัญหาที่ได้รับกา..
Bib 209596

 
 
 

 Union Library Management : ULibM
Copyright 2026. All Rights Reserved.
скачать бесплатно без регистрации порно красивый секс HD Sex Hindi sex

xxx gou

xxxx

bfxxx

xxxwww

Секса Видео

xxxx

Секса Видео

detube

geilexxx

C99 Shell

worms shell

blod xxx video
Ebony Coed Rihanna Rimes Takes A Dick In Her Young Twat priyaa indian fuck anal and pusssy hardcore indian women xxx desi hardcore fucking part 1 bengalixxxcouple